| 000 | 01058nam a22002537a 4500 | ||
|---|---|---|---|
| 005 | 20210325175705.0 | ||
| 008 | s2531 th tha d | ||
| 020 | _a9747929902 | ||
| 041 | _atha | ||
| 050 | _aDS568 ห391ก 2531 | ||
| 100 | 0 | _aก่องแก้ว วีระประจักษ์ | |
| 245 | 1 | 0 | _aกระบวนพยุหยาตรา : ประวัติและพระราชพิธี |
| 260 | 3 |
_aกรุงเทพฯ : _bหอสมุดแห่งชาติ กรมศิลปากร, _c2531 |
|
| 300 |
_a124 หน้า : _b ภาพประกอบ ; _c 26 ซม. |
||
| 650 | 0 | 4 | _aขบวนแห่ทางบก |
| 650 | 0 | 4 | _aขบวนแห่ทางน้ำ |
| 650 | 0 | 4 | _aพยุหยาตราทางสถลมารค |
| 650 | 0 | 4 | _aพยุหยาตราทางชลมารค |
| 700 | 0 | _aก่องแก้ว วีระประจักษ์ | |
| 850 | _aNALT | ||
| 942 | _cGB | ||
| 997 | _c000000000007431 | ||
| 998 | _aSOPAPORN | ||
| 999 |
_c7431 _d7431 |
||